000 00767nam a2200241 a 4500
001 13480
003 BD-JhCC
005 20231015123259.0
008 231015b20132019bg |||| ||a| 000 0 b d
020 _a9789843455758
035 _a(BD-JhCC)13480
040 _aBD-JhCC
_dBD-JhCC
041 _aBengali
082 _a781.62
_bDAS 2019
100 _aদাশ,সুধীন
245 _aনজরুল -সংগীত স্বরলিপি সংগ্রহ /
_cসুধীন দাশ, আসাদুল হক।
260 _aঢাকা:
_bকবি নজরুল ইনস্টিটিউট;
_c2019.
300 _a408 p. :
_c24 cm.
650 _aPopular Music.
700 _a হক, আসাদুল
942 _2ddc
_cBK
999 _c13480
_d13480